Statistics for Largest Cities/Towns in Massachusetts Counties

Click here to take the quiz!

General Stats

  • This quiz has been taken 45 times
  • The average score is 10 of 14

Answer Stats

CountyLargest City/Town% Correct
SuffolkBoston
97%
WorcesterWorcester
94%
HampdenSpringfield
91%
NantucketNantucket
89%
MiddlesexLowell
80%
BerkshirePittsfield
74%
BristolNew Bedford
71%
BarnstableBarnstable
66%
PlymouthBrockton
66%
EssexLynn
66%
DukesEdgartown
60%
NorfolkQuincy
60%
FranklinGreenfield
51%
HampshireAmherst
43%

Score Distribution

Percentile by Number Answered

Percent of People with Each Score

Your Score History

You have not taken this quiz